000 01281nam a2200277Ia 4500
999 _c36856
_d36856
001 2805
003 GE_BSU
005 20190422201459.0
008 181216s2000ge xx |||||||||||||| ||geo||
020 _a9992834102
040 _cGE_BSU
041 _ageo
080 _a128/129 : 124 : 573-01 ა-30
100 _aავალიანი, სერგი
_9356
245 _aსიცოცხლის არსება /
_cსერგი ავალიანი ; რედ.გიორგი ვეკუა ; საქ.ფილოსოფიურ მეცნ. აკად.
264 _aთბილისი :
_bმერანი-3,
_c2000.
300 _a196გვ. :
_c20სმ.
504 _aბიბლიოგრ :გვ.192-194
520 _aრეზ. რუს. და ინგლ. ენაზე
541 _h3ლ.
653 _aისტორიულ-ფილოსოფიური გამოკვლევა
653 _aსიცოცხლის ფილოსოფიური
700 _eრედაქტორი
_9357
_aვეკუა, გიორგი
710 _a საართველოსფილოსოფიურ მეცნიერებათა აკადემია
_9358
942 _cBK
_2udc